| 000 | 00839nam a2200241 a 4500 | ||
|---|---|---|---|
| 001 | BRCA_4721 | ||
| 005 | 20190320204758.0 | ||
| 008 | 061010s1942----mx-a######---#000-0#spa-# | ||
| 041 | _aspa | ||
| 044 | _amx | ||
| 050 | 4 |
_aF1391 _b.C37 1942 |
|
| 100 | 1 |
_aCervantes, Enrique A. _9383 |
|
| 245 | 1 | 0 |
_aBosquejo del desarrollo de la Ciudad de Guanajuato _cEnrique A. Cervantes. |
| 260 |
_aMéxico _b[s.e.] _c1942 |
||
| 300 |
_a29 p. _bil., 32 láminas, 2 dibujos plegables _c28 cm. |
||
| 500 | _aIncluye reproducción de 32 carátulas de algunos folletos que se relacionan con acontecimientos históricos de la Ciudad de Guanajuato | ||
| 500 | _aEjemplar marcado con No. 28 de 600 numerados | ||
| 500 | _aCFG26 | ||
| 650 | 1 | 4 |
_aMéxico _xHistoria _9564 |
| 651 | 4 |
_aGuanajuato _xHistoria _zMéxico _910716 |
|
| 902 | _aGFM | ||
| 942 |
_2lcc _cB |
||
| 999 |
_c4419 _d4419 |
||